An Introduction to Statistical Learning with applications in R

Gespeichert in:
Bibliographische Detailangaben
Hauptverfasser: James, Gareth (VerfasserIn), Witten, Daniela (VerfasserIn), Hastie, Trevor J (VerfasserIn), Tibshirani, Robert (VerfasserIn)
Format: Unbekannt
Sprache:Englisch
Veröffentlicht: New York, United States: Springer, 2017.
Schriftenreihe:Springer Texts in Statistics.
Schlagworte:
Online-Zugang:Disponible Online
Tags: Tag hinzufügen
Keine Tags, Fügen Sie den ersten Tag hinzu!

MARC

LEADER 00000 a2200000 4500
003 CL-VaPUC
005 20220909102725.0
008 200309b ||||| |||| 00| 0 eng d
999 |c 384985  |d 384983 
020 |a 9781461471370 
040 |c Pontificia Universidad Católica de Valparaíso 
082 0 4 |a 519.5 JAM 2017 
100 |a James, Gareth  |e author  |9 600094 
245 |a An Introduction to Statistical Learning with applications in R  
260 |a New York, United States:  |b Springer,  |c 2017. 
300 |a 426 páginas. 
490 0 |a Springer Texts in Statistics. 
583 |k Hugo Gaete  |c 20200309 
650 0 0 |a Estadística matemática  |9 260028 
650 0 0 |a Programación de computadores   |9 259531 
650 0 0 |a Probabilidades   |9 260199 
700 |a Witten, Daniela  |9 737425  |e author 
700 |a Hastie, Trevor J  |9 222215  |e author 
700 |a Tibshirani, Robert  |9 737426  |e author 
856 |u http://bibliografiadigital.pucv.cl/index.php/bibliotecapucv/catalog/book/904  |y Disponible Online  
942 |2 ddc  |c BK 
952 |0 0  |1 0  |2 ddc  |4 0  |6 519_500000000000000_JAM_2017  |7 0  |9 551574  |a BIBING  |b BIBING  |c GEN  |d 2020-03-06  |e 87  |g 63461.00  |i 5573548  |l 2  |o 519.5 JAM 2017   |p 5573548  |r 2025-01-20  |s 2022-05-19  |t 1  |v 0.00  |w 2020-03-06  |y BK 
952 |0 0  |1 0  |2 ddc  |4 0  |6 519_500000000000000_JAM_2017  |7 0  |8 A  |9 586458  |a BIBING  |b BIBING  |c GEN  |d 2022-08-26  |e 2  |g 86512.00  |i 5654280  |l 3  |m 1  |o 519.5 JAM 2017  |p 5654280  |q 2025-05-14  |r 2025-05-07  |s 2025-05-07  |t 2  |v 86512.00  |w 2022-08-26  |y BK  |k EII 
952 |0 0  |1 0  |2 ddc  |4 0  |6 519_500000000000000_JAM_2017  |7 0  |8 A  |9 586550  |a BIBING  |b BIBING  |c GEN  |d 2022-09-01  |e 1  |g 95714.00  |i 5654499  |o 519.5 JAM 2017  |p 5654499  |r 2025-01-20  |t 3  |v 95714.00  |w 2022-09-01  |y BK  |k EII